000 00606nam a2200217Ia 4500
003 OSt
005 20230503104356.0
008 210423s2019 xx 000 0 und d
020 _a978-0-8153-7519-7
040 _cAL
041 _aeng
082 _a541.38
_223
_bBANA
100 _aBANIK (Bimal Krishna) BANDYOPADHYAY (Debasish)
_996623
245 _aAdvanced in microwave chemistry
260 _aNew York
_bCRC Press
_c2019
300 _axii,522
_bHB
365 _b16456
_cINR
650 _aPhysical & Theoretical Chemistry
_996624
906 _aAdvanced ; chemistry ; microwave
942 _2ddc
_cBK
999 _c170732
_d170732